Globalisation of anti-dumping and its impact (Record no. 59997)

MARC details
000 -LEADER
fixed length control field 00327nam a2200133Ia 4500
100 ## - MAIN ENTRY--AUTHOR NAME
Personal name Bhat T P
245 #0 - TITLE STATEMENT
Title Globalisation of anti-dumping and its impact
260 ## - PUBLICATION, DISTRIBUTION, ETC. (IMPRINT)
Name of publisher Foreign Trade Review
Year of publication 2003
300 ## - PHYSICAL DESCRIPTION
Number of Pages 54-95
650 ## - SUBJECT ADDED ENTRY--TOPICAL TERM
Topical Term Anti-dumping
650 ## - SUBJECT ADDED ENTRY--TOPICAL TERM
Topical Term WTO
942 ## - ADDED ENTRY ELEMENTS (KOHA)
Koha item type Journals
Holdings
Withdrawn status Lost status Damaged status Not for loan Home library Current library Shelving location Date acquired Serial Enumeration / chronology Koha item type
      Journals RRII Library RRII Library Agricultural economics 17/12/2021 Volume 38, Issue 02-Jan Journals